01175nam a22001697a 4500999001700000020001800017082001900035100001900054245004100073260007100114300001000185504002500195520057900220650006200799942001200861952013200873 c25292d25292 a9789384191665 a923.254bBAR-D aBaruah, Girish aDadhi Mahantab: a man of the masses aJorhatbCinnamara College Shakha Sahitya Sabha Aru Prakashanc2019 a122p. aInclude Bibliography aThis book bears the teaching of one of the experts in communist ideology. He was not only a theoretician of the subject bust also practically experimented it in the social field. So those who are interested in communism and want to know the abc of it must read this book. It bears the ideology of a very erudite person of Marxist philosophy. He teaches both the theoretical and practical aspects of this philosophy. So the book will illumine the English knowing public in the matter of acquiring the knowledge of Marxism as well as communism as interpreted by Dadhi Mahanta. aPolitics and GovernmentvDadhi MahantavBiographyzIndia  2ddccBK 00104070aNASSDOCbNASSDOCd2019-07-23eM.S. Secretariat, ICSSRl0o923.254 BAR-Dp50456r2019-08-02 00:00:00w2019-07-23yBK